ঢ়
ক্ষ
ড়
ঢ়
য়
র-ফলা‌‌‌
 
 
য-ফলা
ি
 
 
রেফ
 
 
 
যুক্ত করুন/হসন্ত
Space
Enter

A new history of modern architecture : (Record no. 7925)

000 -LEADER
fixed length control field 02560nam a22002537a 4500
001 - CONTROL NUMBER
control field 21377
003 - CONTROL NUMBER IDENTIFIER
control field BD-DhUAP
005 - DATE AND TIME OF LATEST TRANSACTION
control field 20211213154837.0
008 - FIXED-LENGTH DATA ELEMENTS--GENERAL INFORMATION
fixed length control field 211211b ||||| |||| 00| 0 eng d
020 ## - INTERNATIONAL STANDARD BOOK NUMBER
International Standard Book Number 9781786270566
Qualifying information (Hardcover)
040 ## - CATALOGING SOURCE
Original cataloging agency BD-DhUAP
Language of cataloging eng.
Transcribing agency BD-DhUAP
Description conventions BD-DhUAP
Modifying agency BD-DhUAP
082 04 - DEWEY DECIMAL CLASSIFICATION NUMBER
Classification number 724.6 DAV
Edition number 23
100 1# - MAIN ENTRY--PERSONAL NAME
Personal name Davies, Colin.
Dates associated with a name 1929-
Relator term author.
245 12 - TITLE STATEMENT
Title A new history of modern architecture :
Remainder of title art nouveau, the beaux-arts, expressionism, modernism, constructivism, art deco, classicism, brutalism, postmodernism, neo-rationalism, high tech, deconstructivism, digital futures /
Statement of responsibility, etc. Colin Davies.
264 #1 - PRODUCTION, PUBLICATION, DISTRIBUTION, MANUFACTURE, AND COPYRIGHT NOTICE
Place of production, publication, distribution, manufacture London :
Name of producer, publisher, distributor, manufacturer Laurence King Publishing Ltd,
Date of production, publication, distribution, manufacture, or copyright notice 2017.
300 ## - PHYSICAL DESCRIPTION
Extent 500 pages :
Other physical details illustrations (chiefly color), plans ;
Dimensions 30 cm.
504 ## - BIBLIOGRAPHY, ETC. NOTE
Bibliography, etc. note Includes bibliographical references (pages 480-484) and index.
505 0# - FORMATTED CONTENTS NOTE
Formatted contents note Art nouveau and Adolf Loos: 1881-1930 -- Houses: 1891-1911 -- National romanticism, the new tradition and the beaux-arts: 1893-1923 -- Steel and conrete: pioneers and visionaries: 1891-1923 -- Factories: 1902-1942 -- Expressionism: 1914-1941 -- Dutch modernism: 1915-1931 -- German modernism: 1919-1933 -- Le Corbusier part 1: 1906-1932 -- Mies van der Rohe in Germany: 1907-1938 -- Russian constructivism: 1917-1936 -- Wright, Schindler and Neutra: 1911-1938 -- Art deco and the skyscraper: 1925-1939 -- Modern classicism: 1923-1942 -- Modernism in the USA: 1932-1972 -- Domes, shells and tents: 1952-1973 -- Le Corbusier part 2: 1932-1965 -- Alvar Aalto and Hans Scharoun: 1924-1971 -- Mass housing: 1949-1968 -- Latin american modernism: 1932-1982 -- Brutalism: 1954-1977 -- Louis Kahn -- monumental modernism: 1953-1982 -- 'Non-western' influences: 1937-1991 -- Postmodernism: 1964-1990 -- Neo-rationalism: 1967-1991 -- High tech: 1967-1991 -- Japan: 1945-2000 -- Deconstructivism: 1982-1995 -- Rem Koolhaas and OMA: 1991-2004 -- 'The architecture of the well-tempered environment' revisited: 1973-2007 -- 'Context' and 'materiality': 1963-2012 -- Digital futures: 1994-2012 -- China: 1911-2012.
520 8# - SUMMARY, ETC.
Summary, etc. In this book, Colin Davies subjects the canonical architecture of the twentieth century to a thorough reassessment. Rather than repeating the standard wisdom, Davies questions the values and judgements that are so often the mainstay of architectural surveys, and in doing so asks: what is the importance of the style we know as Modernism.
650 #0 - SUBJECT ADDED ENTRY--TOPICAL TERM
Topical term or geographic name entry element Architecture.
General subdivision London.
650 #0 - SUBJECT ADDED ENTRY--TOPICAL TERM
Topical term or geographic name entry element Architecture, Modern
Chronological subdivision 21st century.
650 #0 - SUBJECT ADDED ENTRY--TOPICAL TERM
Topical term or geographic name entry element Modern movement (Architecture)
942 ## - ADDED ENTRY ELEMENTS (KOHA)
Source of classification or shelving scheme
Koha item type Book
Holdings
Withdrawn status Lost status Source of classification or shelving scheme Damaged status Not for loan Permanent Location Current Location Shelving location Date acquired Full call number Barcode Date last seen Copy number Cost, replacement price Price effective from Koha item type
          UAP Central Library UAP Central Library General Stacks 2021-12-11 724.6 DAV 3010021377 2021-12-11 01 9400.00 2021-12-11 Book

All rights reserved © UAP Central Library,
University of Asia Pacific.